| 000 | 00629nam a2200121Ia 4500 | ||
|---|---|---|---|
| 008 | 220216s9999 xx 000 0 und d | ||
| 100 | _aSudha P | ||
| 245 | 0 | _aStrategic approaches for development through reaching out to people- Success story of Rubber Board | |
| 260 | _bPLACROSYM XXII. 22nd Biennial Symposium on Plantation Crops: Leveraging Innovation System in Plantation Sector Through Value Addition, 15-17 December 2016, Indian Council of Agricultural Research-Central Plantation Crops Research Institute, Kasaragod, India. Abstracts. pp. 280-281. | ||
| 650 | _aRubber Board | ||
| 650 | _aRubber development | ||
| 942 | _cBS | ||
| 999 |
_c51295 _d51295 |
||